| 000 | 00591nam a22001217a 4500 | ||
|---|---|---|---|
| 040 | _c ឃុន | ||
| 082 | _a632 ឃុន 2017 c276 Or. | ||
| 100 | _aឃុន គីមឃុយ | ||
| 245 | _aស្វែងរកសត្វល្អិតបង្រៃនិងសត្វមានប្រយោជន៍លើដំណាំបន្លែអំបូរស្ពៃនិងវិធានការគ្រប់គ្រងក្នុងលក្ខខណ្ឌប្រទេសកម្ពុជា | ||
| 260 |
_aRUA _bឃុន _c2017 |
||
| 300 | _a167p; | ||
| 942 | _cKB | ||
| 999 |
_c17078 _d17078 |
||